| 000 | 00528nam a22001697a 4500 | ||
|---|---|---|---|
| 003 | CEME | ||
| 005 | 20210628203121.0 | ||
| 008 | 210219b xxu||||| |||| 00| 0 eng d | ||
| 020 | _a1-56637-724-2 | ||
| 040 | _c. | ||
| 082 | _a621.56 ALT | ||
| 100 |
_aAlthouse, Andrew .D, Turnquist, Carl. H, Bracciano, Alfred F _963407 |
||
| 245 | _aModern refrigeration and air conditioning | ||
| 260 |
_aUSA _bTHE GOODHEART WILLCOX _c2000 |
||
| 650 |
_aREFRIGERATION AND REFRIGRATING MACHINERY, AIR CONDITIONING _963408 |
||
| 942 |
_cBK _2ddc |
||
| 999 |
_c572242 _d572242 |
||